000 00653 a2200193 4500
010 _aENG-89705
020 _a8125030190
_c185.00
035 _aEN-73238
037 _bDBAD / PUB
082 1 4 _a480.2462
090 _c11521
_d11521
245 1 _aEnglish for engineers and technologists
260 _aChennai
_bOrient Longman,
_c2006
270 _a160, Anna Salai
_bChennai
_cChennai
_e600002
_mchegeneral@orientlongman.com
300 _a216p.
_c26 cm (pbk)
500 _aVolumes 1 and 2 (Combined edition)
942 _adpl
_cEN
_k480.2462 / ENG
999 _c11205
_d11205